000 00911nam a2200205 i 4500
001 145201
003 ES-MaACL
005 20250823004924.0
007 t|
008 070214s1958 sp r ||||1| spa d
100 1 _aSopeña Ibáñez, Federico,
_d1917-1991
_9107321
245 1 3 _aLa música en la vida espiritual
_b: discurso /
_cleído por el Rvdo. Señor D. Federico Sopeña ante la Real Academia de Bellas Artes de San Fernando en el acto de su recepción pública, celebrado el día 1 de Junio de 1958, y contestación del Excelentísimo Señor D. Enrique Lafuente Ferrari.
260 _aMadrid :
_bTaurus,
_c1958 (
_fFactum)
300 _a69 p. ;
_c21 cm.
650 7 _aMúsica
_2embne
_915376
700 1 _aLafuente Ferrari, Enrique,
_d1898-1985
_969538
710 2 _aReal Academia de Bellas Artes de San Fernando.
_96291
852 _aES-MaACL
_j2007-F-8
_bR.42421
999 _c145201
_d145201